000 00513nam a2200205Ia 4500
003 OSt
005 20250818102924.0
008 250729s2005 xx 000 0 und d
020 _a978-9351381709
040 _cAL
041 _aeng
082 _a370.15 DANP
100 _aKrishnaswamy N
_9221380
245 _aMethods of teaching in english
260 _aNew Delhi
_bMac Millan India Ltd
_c2005
300 _a493p
650 _aPsychology
_9221381
700 _aKrishnaswami L
_9221382
942 _2ddc
_cBED
999 _c234983
_d234983